XVII Congreso del Instituto Internacional de Literatura Iberoamericana (Record no. 46696)

MARC details
000 -LEADER
campo de control de longitud fija 01265nam a2200289 i 4500
001 - NÚMERO DE CONTROL
campo de control 46696
003 - IDENTIFICADOR DE NÚMERO DE CONTROL
campo de control ES-MaACL
005 - FECHA Y HORA DE LA ÚLTIMA TRANSACCIÓN
campo de control 20250829103626.0
007 - CAMPO FIJO DE DESCRIPCIÓN FÍSICA--INFORMACIÓN GENERAL
campo de control de longitud fija t|
008 - DATOS DE LONGITUD FIJA--INFORMACIÓN GENERAL
campo de control de longitud fija 030331s1978 sp ||||1| spa d
020 ## - NÚMERO INTERNACIONAL ESTÁNDAR DEL LIBRO
Número Internacional Estándar del Libro 84-7232-153-3
080 ## - NÚMERO DE LA CLASIFICACIÓN DECIMAL UNIVERSAL
Número de la Clasificación Decimal Universal 860(8.03).09:061.3(100)"1978"
110 2# - ENTRADA PRINCIPAL--NOMBRE DE ENTIDAD CORPORATIVA
Nombre de entidad corporativa o nombre de jurisdicción como elemento de entrada Instituto Internacional de Literatura Iberoamericana.
Unidad subordinada Congreso (
Número del congreso/reunión o número de parte o sección 17º.
Fecha del congreso o de la firma del tratado 1978.
Sede del congreso/Lugar de la reunión Madrid)
9 (RLIN) 5099
245 10 - MENCIÓN DEL TÍTULO
Título XVII Congreso del Instituto Internacional de Literatura Iberoamericana
Resto del título : Sesión de Madrid.
260 ## - PUBLICACIÓN, DISTRIBUCIÓN, ETC.
Lugar de publicación, distribución, etc. Madrid :
Nombre del editor, distribuidor, etc. Cultura Hispánica del Centro Iberoamericano de Cooperación,
Fecha de publicación, distribución, etc. 1978.
300 ## - DESCRIPCIÓN FÍSICA
Extensión 3 v. ;
Dimensiones 24 cm.
505 8# - NOTA DE CONTENIDO CON FORMATO
Nota de contenido con formato Contiene: 1. El Barroco en América - 2. Literatura hispanoameriana - 3. Crítica histórico-literaria hispanoamericana
594 ## - Nota al título y mención de responsabilidad
Nota al título y mención de responsabilidad Precede al tít.: Centro Iberoamericano de Cooperación, Universidad Complutense de Madrid.
650 #4 - PUNTO DE ACCESO ADICIONAL DE MATERIA--TÉRMINO DE MATERIA
Término de materia o nombre geográfico como elemento de entrada Literatura hispanoamericana-
Subdivisión de forma Congresos y asambleas.
9 (RLIN) 14603
710 2# - ENTRADA AGREGADA--NOMBRE DE ENTIDAD CORPORATIVA
Nombre de entidad corporativa o nombre de jurisdicción como elemento de entrada Centro Iberoamericano de Cooperación
9 (RLIN) 2744
710 2# - ENTRADA AGREGADA--NOMBRE DE ENTIDAD CORPORATIVA
Nombre de entidad corporativa o nombre de jurisdicción como elemento de entrada Centro Iberoamericano de Cooperación
9 (RLIN) 2744
740 32 - ENTRADA AGREGADA--TÍTULO RELACIONADO/ANALÍTICO NO CONTROLADO
Título relacionado o analítico no controlado El Barroco en América.
740 02 - ENTRADA AGREGADA--TÍTULO RELACIONADO/ANALÍTICO NO CONTROLADO
Título relacionado o analítico no controlado Crítica histórico-literaria hispanoamericana.
852 ## - LOCALIZACIÓN
Ubicación ES-MaACL
Número de control de estantería A-10310-12
852 ## - LOCALIZACIÓN
Ubicación ES-MaACL
Número de control de estantería L-662-64
Holdings
Estatus retirado Estado de pérdida Estado de daño No para préstamo Biblioteca de origen Biblioteca actual Ubicación en estantería Fecha de adquisición Fuente de adquisición Total de préstamos Signatura topográfica completa Código de barras Visto por última vez Precio de reemplazo Tipo de ítem Koha
        Biblioteca del Ateneo de Madrid Biblioteca del Ateneo de Madrid Depósito 2 17/01/2008     L-662-64 1049115 23/02/2023 23/02/2023 Libro impreso
        Biblioteca del Ateneo de Madrid Biblioteca del Ateneo de Madrid Depósito 1 17/01/2008     A-10310-12 1049114 23/02/2023 23/02/2023 Libro impreso